000 00726nam a22002055i 4500
001 162037
003 ES-MaACL
005 20250717065632.0
008 041029s1901 sp |||| | spa d
040 _aCAM
_bspa
_cCAM
100 1 _aPi y Margall, Francisco,
_d1824-1901
_991732
245 1 0 _aReflexiones /
_cpor F. Pí y Margall.
260 _aMadrid :
_b[s.n.],
_c1901 (
_fEstablecimiento tipográfico de los Hijos de J.A. García)
300 _a56 p. ;
_c20 cm.
650 7 _aProblemas sociales
_2embne
_916415
650 0 4 _aCreencia y duda.
_911414
650 7 _aProblemas sociales
_2embne
_916415
852 _aES-MaACL
_jFol-Laf-390
_z-- Rúst.
_z-- Legado de Modesto de la Fuente
999 _c162037
_d162037